• 首页
  • 本馆介绍
  • 公告通知
  • 最新文献
  • 馆藏检索
  • 电子资源
  • 读者导购
  • 参考咨询
  • 我的图书馆
  • 登录
  • 详细信息显示
  • 放入我的书架
  • 预约/预借图书
  • 作者相关作品
  • 分类相关作品
  • 丛书相关作品
  • 出版社相关作品

书目信息

  • 表格格式
  • 工作单格式
  • 卡片格式
题名:
世界水准
    
 
作者: 施莱克尔(Andreas Schleicher) 著 ;窦卫霖 等译
分册:  
出版信息: 上海   华东师范大学出版社  2019.07
页数: 285页
开本: 25cm
丛书名:
单 册:
中图分类: G40-03
科图分类:
主题词: 教育研究--Jiao Yu Yan Jiu
电子资源:
ISBN: 978-7-5675-9031-1
000 01234nam0 2200253 450
001 0104125640
005 20201104125713.0
010    @a978-7-5675-9031-1@dCNY68.00
100    @a20190813d2019 em y0chiy50 ea
101 0  @achi
102    @aCN@b310000
105    @ay z 000yy
106    @ar
200 1  @a世界水准@AShi Jie Shui Zhun@e如何构建21世纪的优秀学校系统@f(德)安德烈亚斯·施莱克尔(Andreas Schleicher)著@g窦卫霖[等]译
210    @a上海@c华东师范大学出版社@d2019.07
215    @a285页@d25cm
330    @a1.教育制度设计要以学习者为中心:教育改革者需要告别过去那些完全站在教育工作者和教育行政人员的立场设计教育体系的模式,需要转变观念,以学习者为中心来开展有效教育变革。2.教育要教人从容应对未来的挑战:回首历史,我们的学校从未像今日这样急需培养孩子应对快速变化的能力,为未来尚未出现的工作未雨绸缪,帮助他们面对人类还无法想象的挑战。3.未来教育亟须走出九大误区。
517 1  @a如何构建21世纪的优秀学校系统@ARu He Gou Jian 21 Shi Ji De You Xiu Xue Jiao Xi Tong
606 0  @a教育研究@AJiao Yu Yan Jiu
690    @aG40-03@v5
701  0 @c(德)@a施莱克尔(Andreas Schleicher)@AShi Lai Ke Er (Andreas Schleicher)@4著
702  0 @a窦卫霖@ADou Wei Lin@4等译
801  0 @aCN@bBJSZM@c20201104
905    @b1261626-9@dG40-03@e1122@f4
    
    世界水准:如何构建21世纪的优秀学校系统/(德)安德烈亚斯·施莱克尔(Andreas Schleicher)著/窦卫霖[等]译.-上海:华东师范大学出版社,2019.07
    285页;25cm
    
    
    ISBN 978-7-5675-9031-1:CNY68.00
    1.教育制度设计要以学习者为中心:教育改革者需要告别过去那些完全站在教育工作者和教育行政人员的立场设计教育体系的模式,需要转变观念,以学习者为中心来开展有效教育变革。2.教育要教人从容应对未来的挑战:回首历史,我们的学校从未像今日这样急需培养孩子应对快速变化的能力,为未来尚未出现的工作未雨绸缪,帮助他们面对人类还无法想象的挑战。3.未来教育亟须走出九大误区。
●
相关链接 在E读中查询图书 在五车中查询图书 在当当中查询图书 在豆瓣中查询图书


正题名:世界水准     索取号:G40-03/1122         预约/预借

序号 登录号 条形码 馆藏地/架位号 状态 备注
1 1261626   212616267   第一样本阅览室/ [索取号:G40-03/1122] 在馆    
2 1261627   212616276   教育系资料室/ [索取号:G40-03/1122] 在馆    
3 1261628   212616285   教育系资料室/ [索取号:G40-03/1122] 在馆    
4 1261629   212616294   第四借阅区/ [索取号:G40-03/1122] 在馆    
唐山师范学院图书馆 欢迎您!
大连网信软件有限公司© 版权所有